Statistics for Geography by letter- A

Click here to take the quiz!

General Stats

  • This quiz has been taken 884 times
  • The average score is 18 of 20

Answer Stats

HintAnswer% Correct
United States of _______America
99%
Continents where Egypt isAfrica
98%
Country between France and SpainAndorra
98%
Capital of NetherlandsAmsterdam
97%
Country that borders SwitzerlandAustria
97%
South American countryArgentina
96%
___________ and BarbudaAntigua
95%
Poorest country on BalkanAlbania
93%
Largest city in New ZealandAuckland
92%
Asia
91%
Continent-CountryAustralia
91%
Country north of NamibiaAngola
89%
Icy continentAntarctica
89%
Countries that were part of Soviet UnionArmenia
83%
Alphabetically first countryAfghanistan
81%
Most populous city in BelgiumAntwerp
80%
Capital of ParaguayAsuncion
80%
Azerbaijan
80%
Economic centre of EgyptAlexandria
75%
A Maghreb countryAlgeria
73%

Score Distribution

Percentile by Number Answered

Percent of People with Each Score

Your Score History

You have not taken this quiz